| 000 | 00850nam a2200229 a 4500 | ||
|---|---|---|---|
| 005 | 20240911063836.0 | ||
| 008 | 991125s1991 mx 000 0 spa u | ||
| 020 | _a9681635752 | ||
| 035 | _aUPN01000041780 | ||
| 049 | _aCG | ||
| 050 | 4 |
_aQH541.145 _bC6.5 1991 |
|
| 110 | 2 | _aComisión de Desarrollo y Medio Ambiente de América Latina y el Caribe | |
| 245 | 1 | 0 |
_aNuestra propia agenda sobre desarrollo y medio ambiente / _cComisión de Desarrollo y Medio Ambiente de América Latina y el Caribe. |
| 250 | _a2a ed. | ||
| 260 |
_aMéxico : _bBID : _bFCE, _c1991. |
||
| 300 |
_a102 p. : _bcuadros |
||
| 440 | 0 | _aSección de obras de ciencia y tecnología | |
| 650 | 4 |
_aPOLITICA AMBIENTAL - _zAMERICA LATINA _91341 |
|
| 651 | 4 |
_aAmérica Latina _xPolítica económica _93988 |
|
| 651 | 4 |
_aCARIBE (REGION) - _xPOLITICA ECONOMICA _95139 |
|
| 905 | _aLibro | ||
| 999 |
_c41780 _d41780 |
||